Statistiques concernant Paroles - Nekfeu - Squa

Cliquez ici pour prendre le quiz!

Statistiques générales

  • Ce quiz a été pris 162 fois
    (137 depuis la dernière actualisation)
  • Le résultat moyen est 263 sur 500

Statistiques - réponses

Paroles% Correct
C
100%
squa
98%
à
96%
a
96%
le
96%
comme
94%
du
94%
en
94%
les
94%
Les
94%
me
94%
de
93%
On
93%
on
93%
Des
90%
des
90%
J'arrive
90%
la
90%
La
90%
luxe
89%
armure
88%
Diam's
87%
y
87%
ma
85%
mecs
85%
Qui
85%
qui
85%
sûr
85%
sur
85%
Sur
85%
dans
83%
Dans
83%
sont
83%
noms
82%
ta
82%
murs
80%
gravé
79%
tombés
73%
ça
67%
ça,
67%
Je
67%
ce
63%
Mes
63%
mes
63%
Yass
62%
un
61%
j'ai
57%
J'ai
57%
pas
57%
Il
55%
pot
52%
quand
52%
mais
51%
Mais
51%
tu
51%
Tu
51%
au
50%
c'est
50%
fille
50%
ne
50%
ou
50%
vide
50%
vie
50%
est
49%
que
49%
gueule
48%
ils
46%
Ils
46%
T'as
46%
t'as
46%
ue-r
46%
et
45%
maqué
45%
mon
45%
ola
45%
sec
45%
sec,
45%
Yams
45%
Yams,
45%
Avec
43%
avec
43%
fait
43%
RER
43%
Fais
41%
merde
41%
Oh
41%
tourne
41%
lune
40%
Nous,
40%
nous
40%
tes
40%
sourire
39%
Arrache
38%
même,
38%
tous
38%
croissants
37%
galère
37%
Macron
37%
tourner
37%
up
37%
aussi
35%
blé
35%
forêts
35%
marqué
35%
public
35%
fumé
34%
haine
34%
J'étais
34%
J'garde
34%
J'suis
34%
mieux
34%
potes
34%
"S-crew"
34%
souvent
34%
s'te
34%
trop
34%
beuh
33%
RC
33%
remercier,
33%
2001,
32%
bruit
32%
cassé
32%
cogner
32%
contre
32%
Fout
32%
m'applaudit
32%
plait
32%
portion
32%
qu'eux
32%
aimeraient
30%
avant
30%
CLAP :
30%
CLAP
30%
Facho,
30%
feat ?
30%
feat
30%
ferais
30%
J'me
30%
khoya
30%
percer
30%
défoule
29%
maintenant
29%
potion
29%
scène
29%
séquoia
29%
textes
29%
Big
28%
gros
28%
Häagen-Dazs
28%
j'écris
28%
J'fais
28%
maquette
28%
tronche
28%
Kadhafi
27%
keufs
27%
l'Audi
27%
l'Etat
27%
militaires
27%
patrons
27%
Pendant
27%
pilote
27%
pour
27%
tour-bus
27%
vous,
27%
battles
26%
gagnais
26%
gus
26%
Personne
26%
rap
26%
reconnaître
26%
service
26%
si
26%
T'écoutais
26%
trompe
26%
voir
26%
bien
24%
chaine
24%
David
24%
J'aime
24%
qu'Hakim
24%
beaucoup
23%
jamais
23%
peux
23%
plus
23%
tête
23%
veux
23%
casseurs
22%
de-blé
22%
défaites,
22%
flics,
22%
flics
22%
Grosse
22%
grosse
22%
met
22%
n'aimait
22%
prix
22%
qu'ils
22%
bizarre
21%
déguisés
21%
n'est
21%
psy
21%
vois
21%
aiment
20%
Bellek
20%
Catherine
18%
Catherine,
18%
dérisoire
18%
Hugzer,
18%
manifestants
18%
somme
18%
tire
18%
flash-balls
17%
mode
17%
revient
17%
vas-y
17%
frères
16%
Memer
16%
parking
16%
patate
16%
Uber
16%
caisse,
15%
face
15%
famille,
15%
Lamborghini
15%
Mouammar
15%
Nine
15%
pose
15%
protègeront
15%
réé-soi
15%
route
15%
traces
15%
costard
13%
deviennent
13%
fric,
13%
heures
13%
l'équipe
13%
Ouais,
13%
pute
13%
transac'
13%
voyous
13%
black
12%
cette
12%
plaque
12%
refait
12%
s'battent
12%
soeurs
12%
soir,
12%
terrain
12%
vaut
12%
censure
11%
divisées
11%
d'une
11%
fils
11%
jouent
11%
l'arrière
11%
l'prix
11%
Mauves
11%
mercé
11%
supp'
11%
trahis
11%
t'y
11%
ZZ
11%
classes
10%
club
10%
Gipsy
10%
maille
10%
reçois
10%
Sète
10%
vies
10%
leurs
9%
basse,
7%
cernes,
7%
faire,
7%
prédécesseurs
7%
scars-la
7%
défraie
6%
expulse
6%
faut
6%
plusieurs
6%
Roms ?
6%
suent,
6%
sûrs
6%
t'rend
6%
ZUP
6%
ceurs-su
5%
d'Europe
5%
magene
5%
âme
4%
fêtes
4%
maitrise
4%
p'tites
4%
putes
4%
banques ?
2%
tient
2%
mic'
1%
Abritent
0%

Distribution des résultats

Percentile par nombre de réponses

% des personnes avec chaque résultat

Votre développement - résultats

Vous n’avez pas pris ce quiz depuis la dernière actualisation